ბათუმის შოთა რუსთაველის სახელმწიფო უნივერსიტეტის ბიბლიოთეკა

Human anatomy & physiology / (ბიბ.ჩანაწერი № 50536)

000 -LEADER
fixed length control field 00849cam a2200241 a 4500
001 - CONTROL NUMBER
control field 15438067
005 - DATE AND TIME OF LATEST TRANSACTION
control field 20221114165912.0
008 - FIXED-LENGTH DATA ELEMENTS--GENERAL INFORMATION
fixed length control field 080903s2010 caua 001 0 eng
020 ## - INTERNATIONAL STANDARD BOOK NUMBER
International Standard Book Number 9780805395693x
041 ## - LANGUAGE CODE
Language code of text/sound track or separate title eng
080 ## - UNIVERSAL DECIMAL CLASSIFICATION NUMBER
Universal Decimal Classification number 611+612 M-30
100 1# - MAIN ENTRY--PERSONAL NAME
Personal name Marieb, Elaine Nicpon
Dates associated with a name
9 (RLIN) 7403
245 10 - TITLE STATEMENT
Title Human anatomy & physiology /
Statement of responsibility, etc. Elaine N. Marieb, Katja Hoehn.
246 3# - VARYING FORM OF TITLE
Title proper/short title Human anatomy and physiology
250 ## - EDITION STATEMENT
Edition statement 8th ed.
264 ## - PRODUCTION, PUBLICATION, DISTRIBUTION, MANUFACTURE, AND COPYRIGHT NOTICE
Place of production, publication, distribution, manufacture San Francisco :
Name of producer, publisher, distributor, manufacturer Benjamin Cummings,
Date of production, publication, distribution, manufacture, or copyright notice 2010.
300 ## - PHYSICAL DESCRIPTION
Extent xxxii, 1114, 28, 23, 3, 61 p. :
Other physical details col. ill. ;
Dimensions 28 cm.
653 ## - INDEX TERM--UNCONTROLLED
keyword ადამიანის ანატომია
653 ## - INDEX TERM--UNCONTROLLED
keyword ლაბორატორიული სახელმძღვანელო
653 ## - INDEX TERM--UNCONTROLLED
keyword მედიცინა
700 1# - ADDED ENTRY--PERSONAL NAME
Personal name Hoehn, Katja.
9 (RLIN) 7566
Relator term ავტორი
942 ## - ADDED ENTRY ELEMENTS (KOHA)
Source of classification or shelving scheme
Koha item type წიგნი
ეგზემპლარები
Withdrawn status Lost status Source of classification or shelving scheme Damaged status Not for loan Permanent Location Current Location Shelving location Date acquired Cost, normal purchase price Full call number Barcode Date last seen Copy number Price effective from Koha item type Public note
          ბათუმის შოთა რუსთაველის სახელმწიფო უნივერსიტეტის მთავარი ბიბლიოთეკა ბათუმის შოთა რუსთაველის სახელმწიფო უნივერსიტეტის მთავარი ბიბლიოთეკა წიგნსაცავი 2018-12-17 220.00 611+612 M-30 719 2018-12-17 719 2018-12-17 წიგნი 220 ლ.
          ბათუმის შოთა რუსთაველის სახელმწიფო უნივერსიტეტის მთავარი ბიბლიოთეკა ბათუმის შოთა რუსთაველის სახელმწიფო უნივერსიტეტის მთავარი ბიბლიოთეკა წიგნსაცავი 2018-12-17 220.00 611+612 M-30 720 2018-12-17 720 2018-12-17 წიგნი 220 ლ.